000 00696nab a2200193 4500
001 244442
003 OSt
005 20230623104026.0
007 tu
008 200917s2020|||||||
040 _aDE-2950
_cDE-2950
245 0 0 _aBahnsteig und Brücke sind weg.
_bVerkehr. Die RB36 ist für vier Monate zwischen Müllrose und Frankfurt unterbrochen. In diesem Abschnitt laufen umfangreiche Bauarbeiten. Die Haltestelle am Helenesee wird barrierefrei... /
_cFrank Gronenberg
264 _c2023
653 _aFrankfurt (Oder)
653 _aBahnverkehr RB 36
653 _aBauarbeiten
773 0 _g34. Jahrgang (2023) Nr. 138 vom 16.06.2023, S. 17: mit Foto
_tMärkische Oderzeitung
942 _2z
_cA
999 _c372569
_d372569